Obstaranie majetku firmy podľa US GAAP, IAS/IFRS a zákonov SR bakalárska práca

Gespeichert in:
Bibliographische Detailangaben
1. Verfasser: Bucseková, Miriama
Körperschaft: Fakulta podnikového manažmentu EU. Katedra podnikovohospodárska
Weitere Verfasser: Kintler, Jakub, 1979-
Format: Buch
Sprache:Slowakisch
Veröffentlicht: Bratislava 2011
Tags: Tag hinzufügen
Keine Tags, Fügen Sie das erste Tag hinzu!

MARC

LEADER 00000nbm a2200000 4500
001 0131226
005 20161109111416.7
041 0 |a slo 
044 |a SK 
245 1 0 |a Obstaranie majetku firmy podľa US GAAP, IAS/IFRS a zákonov SR  |b bakalárska práca  |c Miriama Bucseková ; školiteľ: Jakub Kintler 
264 1 |a Bratislava  |c 2011 
300 |a 60 s. 
100 1 |a Bucseková, Miriama 
700 1 |a Kintler, Jakub, 1979- 
710 2 |a Fakulta podnikového manažmentu EU. Katedra podnikovohospodárska